[Event "ISR-chT"]
[Site "Israel"]
[Date "2024.01.10"]
[Round "1.6"]
[White "Caspi, Israel"]
[Black "Solomon, Asif"]
[Result "1-0"]
[WhiteElo "2471"]
[BlackElo "2231"]
[PlyCount "87"]
[EventDate "2024.01.10"]
[EventType "team-tourn"]
[EventRounds "11"]
[EventCountry "ISR"]
[SourceTitle "CB09_2024"]
[SourceDate "2024.02.28"]
[SourceVersion "1"]
[SourceVersionDate "2024.02.28"]
[SourceQuality "1"]
[WhiteTeam "Ashdod"]
[BlackTeam "Petach Tikva"]
[WhiteTeamCountry "ISR"]
[BlackTeamCountry "ISR"]

1. d4 Nf6 2. c4 e6 3. Nc3 Bb4 4. a3 Bxc3+ 5. bxc3 Nc6 6. f3 b6 7. e4 Ba6 8. Bd3 Na5 9. Qe2 c5 10. Nh3 d6 11. e5 dxe5 12. dxe5 Nd7 13. Bg5 Qc7 14. f4 h6 15. Bh4 g5 16. Bg3 gxf4 17. Bxf4 0-0-0 18. 0-0 Nf8 19. Rf3 Ng6 20. Bg3 Rd7 21. Nf2 Rhd8 22. Re1 h5 23. h4 Bb7 24. Re3 Rg8 25. Ne4 Bxe4 26. Bxe4 Qd8 27. Bxg6 Rxg6 28. Qxh5 Nxc4 29. Rf3 Rd3 30. Kh2 Nd2 31. Rxd3 Qxd3 32. Bf4 Qxc3 33. Qe2 Nb3 34. Qe4 Nd4 35. Qa8+ Kd7 36. Qxa7+ Ke8 37. Qa8+ Ke7 38. Rf1 Qd3 39. Qb7+ Ke8 40. Qc8+ Ke7 41. Bg5+ f6 42. Bxf6+ Kf7 43. Qd7+ Kf8 44. Bg7+ 1-0

[Event "ISR-ch U08/18"]
[Site "Savyon"]
[Date "2022.04.08"]
[Round "2"]
[White "Solomon, Asif"]
[Black "Gavriely, Or"]
[Result "0-1"]
[WhiteElo "2277"]
[BlackElo "1860"]
[PlyCount "97"]
[EventDate "2022.04.06"]
[EventType "swiss"]
[EventRounds "9"]
[EventCountry "ISR"]
[SourceTitle "EXT 2023"]
[Source "ChessBase"]
[SourceDate "2022.10.05"]
[SourceVersion "1"]
[SourceVersionDate "2022.10.05"]
[SourceQuality "1"]

1. d4 d5 2. c4 e6 3. Nc3 Nf6 4. Nf3 c6 5. Bg5 Be7 6. e3 Nbd7 7. Qc2 0-0 8. cxd5 exd5 9. Bd3 Re8 10. 0-0 Nf8 11. h3 Bd6 12. Rae1 h6 13. Bh4 g5 14. Bg3 g4 15. Ne5 Bxe5 16. dxe5 Nh5 17. Bh2 gxh3 18. f4 Qh4 19. e4 Ng6 20. exd5 hxg2 21. Qxg2 Bh3 22. Qf3 Kh8 23. Bxg6 Rg8 24. f5 Bxf5 25. Qxf5 Rxg6+ 26. Qxg6 fxg6 27. d6 Re8 28. Rf2 g5 29. Re4 Nf4 30. Bxf4 gxf4 31. Rexf4 Rg8+ 32. Kf1 Qh1+ 33. Ke2 Qh5+ 34. Kd3 Qxe5 35. Ne4 c5 36. Kc2 Rd8 37. d7 Rxd7 38. Rf8+ Kg7 39. Nf6 Rd2+ 40. Kxd2 Qd4+ 41. Ke1 Kxf8 42. Ne4+ Kg7 43. Nc3 a6 44. a4 h5 45. Kf1 Qd3+ 46. Kg2 h4 47. Ne2 Qe4+ 48. Kh2 Qxa4 49. Nf4 0-1

[Event "ISR-chT"]
[Site "Israel"]
[Date "2022.01.22"]
[Round "4.3"]
[White "Solomon, Asif"]
[Black "Taichman, Ori"]
[Result "1-0"]
[WhiteElo "2290"]
[BlackElo "2293"]
[PlyCount "103"]
[EventDate "2022.01.14"]
[EventType "team-tourn"]
[EventRounds "11"]
[EventCountry "ISR"]
[SourceTitle "EXT 2023"]
[Source "ChessBase"]
[SourceDate "2022.10.05"]
[SourceVersion "1"]
[SourceVersionDate "2022.10.05"]
[SourceQuality "1"]
[WhiteTeam "Petah Tikva"]
[BlackTeam "Beer Sheva II"]
[WhiteTeamCountry "ISR"]
[BlackTeamCountry "ISR"]

1. d4 Nf6 2. c4 g6 3. Nc3 Bg7 4. e4 0-0 5. h3 d6 6. Be3 e5 7. d5 Na6 8. g4 Nc5 9. f3 a5 10. Qd2 Ne8 11. h4 f5 12. exf5 gxf5 13. h5 f4 14. Bxc5 dxc5 15. Ne4 Nd6 16. Bd3 b5 17. h6 Bf6 18. b3 a4 19. Rc1 axb3 20. axb3 Ra3 21. Nxc5 e4 22. Nxe4 Nxe4 23. Bxe4 Rxb3 24. cxb5 Rxb5 25. Ne2 Rb2 26. Rc2 Rb1+ 27. Nc1 Ba6 28. Rc6 Rb2 29. Rc2 Rxc2 30. Qxc2 Bd4 31. Nb3 Be3 32. Bxh7+ Kh8 33. Qc3+ Qf6 34. Qxf6+ Rxf6 35. Bc2 Rb6 36. g5 Bc4 37. g6 Rb8 38. Rh5 Re8 39. Rg5 Bd4+ 40. Kd1 Bf6 41. g7+ Bxg7 42. hxg7+ Kg8 43. Nd4 Bxd5 44. Rxd5 Kxg7 45. Be4 Kf6 46. Rf5+ Kg7 47. Ke2 c5 48. Rxc5 Rb8 49. Rc6 Rb4 50. Nf5+ Kf8 51. Bd5 Ke8 52. Be6 1-0

[Event "Tel Aviv"]
[Site "Tel Aviv"]
[Date "2021.12.07"]
[Round "9"]
[White "Solomon, Asif"]
[Black "Kantsler, Boris"]
[Result "1/2-1/2"]
[WhiteElo "2337"]
[BlackElo "2412"]
[PlyCount "62"]
[EventDate "2021.11.28"]
[EventType "tourn"]
[EventRounds "9"]
[EventCountry "ISR"]
[EventCategory "2"]
[SourceTitle "CBM 205 Extra"]
[Source "ChessBase"]
[SourceDate "2022.01.31"]
[SourceVersion "1"]
[SourceVersionDate "2022.01.31"]
[SourceQuality "1"]

1. d4 d6 2. Nf3 g6 3. g3 Bg7 4. Bg2 Nf6 5. 0-0 0-0 6. c4 Nc6 7. Nc3 a6 8. d5 Na5 9. b3 c5 10. Bb2 Rb8 11. Qc2 b5 12. Nd2 e5 13. Rae1 h5 14. h3 h4 15. g4 Nh7 16. e4 Rb7 17. Nd1 f5 18. f3 Rbf7 19. Ne3 fxg4 20. fxg4 Ng5 21. Rxf7 Rxf7 22. Qd3 Bd7 23. Rf1 Rf4 24. Nd1 Rxf1+ 25. Qxf1 Bh6 26. Nf3 Nxf3+ 27. Bxf3 Bd2 28. Qd3 Qg5 29. Bc3 Bxc3 30. Qxc3 Qd8 31. Be2 b4 1/2-1/2

[Event "Tel Aviv"]
[Site "Tel Aviv"]
[Date "2021.12.06"]
[Round "8"]
[White "Aizenberg, Benny"]
[Black "Solomon, Asif"]
[Result "0-1"]
[WhiteElo "2299"]
[BlackElo "2337"]
[PlyCount "112"]
[EventDate "2021.11.28"]
[EventType "tourn"]
[EventRounds "9"]
[EventCountry "ISR"]
[EventCategory "2"]
[SourceTitle "CBM 205 Extra"]
[Source "ChessBase"]
[SourceDate "2022.01.31"]
[SourceVersion "1"]
[SourceVersionDate "2022.01.31"]
[SourceQuality "1"]

1. e4 c5 2. Nf3 d6 3. d4 cxd4 4. Nxd4 Nf6 5. Nc3 a6 6. Bg5 Nbd7 7. Bc4 Qb6 8. Bb3 e6 9. Qd2 Be7 10. 0-0-0 Nc5 11. Rhe1 h6 12. Bh4 0-0 13. g3 Qc7 14. f4 Re8 15. e5 dxe5 16. fxe5 Nfd7 17. Nf5 exf5 18. Nd5 Nxb3+ 19. axb3 Qd8 20. Nxe7+ Rxe7 21. e6 f6 22. Qd5 Kh8 23. exd7 Rxd7 24. Qf7 Rxd1+ 25. Rxd1 Qg8 26. Qg6 Qf8 27. g4 fxg4 28. Qe4 a5 29. Bg3 Ra6 30. Bc7 Re6 31. Qxg4 Rc6 32. Qg3 Qc5 33. Qg6 Be6 34. Rd8+ Bg8 35. Bf4 f5 36. Qg2 Kh7 37. Kb1 b5 38. Be3 Qe7 39. Qxc6 Qxd8 40. Qxb5 Qd1+ 41. Bc1 Qd5 42. Qxd5 Bxd5 43. Bd2 g5 44. Bxa5 f4 45. c4 Be4+ 46. Kc1 Kg6 47. b4 g4 48. b5 h5 49. Bd8 Kf5 50. Bh4 g3 51. hxg3 Kg4 52. Kd2 fxg3 53. Bf6 h4 54. Bxh4 Kxh4 55. Ke3 Ba8 56. c5 Kh3 0-1

[Event "Tel Aviv"]
[Site "Tel Aviv"]
[Date "2021.12.03"]
[Round "6"]
[White "Solomon, Asif"]
[Black "Dvoirys, Semen I"]
[Result "1/2-1/2"]
[WhiteElo "2337"]
[BlackElo "2436"]
[PlyCount "74"]
[EventDate "2021.11.28"]
[EventType "tourn"]
[EventRounds "9"]
[EventCountry "ISR"]
[EventCategory "2"]
[SourceTitle "CBM 205 Extra"]
[Source "ChessBase"]
[SourceDate "2022.01.31"]
[SourceVersion "1"]
[SourceVersionDate "2022.01.31"]
[SourceQuality "1"]

1. d4 Nf6 2. c4 g6 3. Nc3 d5 4. cxd5 Nxd5 5. e4 Nxc3 6. bxc3 Bg7 7. Nf3 c5 8. Bb5+ Nc6 9. 0-0 cxd4 10. cxd4 0-0 11. Bxc6 bxc6 12. Qc2 Bg4 13. Ne5 Qxd4 14. Bb2 Qb6 15. Rab1 Bxe5 16. Bxe5 Qa5 17. Bc3 Qa6 18. Qd2 Be6 19. Qf4 f6 20. Rfc1 Rad8 21. h4 Rd7 22. e5 Qc4 23. Qxc4 Bxc4 24. exf6 exf6 25. Bb4 Bxa2 26. Ra1 Rb8 27. Rxa2 Rxb4 28. Rxc6 f5 29. g3 f4 30. Kg2 fxg3 31. fxg3 Kf7 32. Rca6 Rbb7 33. Kf3 Ke7 34. Kg4 Kd8 35. R6a5 Kc8 36. Kg5 Kb8 37. R2a4 Rb6 1/2-1/2

[Event "Tel Aviv"]
[Site "Tel Aviv"]
[Date "2021.12.02"]
[Round "5"]
[White "Rozentalis, Eduardas"]
[Black "Solomon, Asif"]
[Result "1-0"]
[WhiteElo "2517"]
[BlackElo "2337"]
[PlyCount "127"]
[EventDate "2021.11.28"]
[EventType "tourn"]
[EventRounds "9"]
[EventCountry "ISR"]
[EventCategory "2"]
[SourceTitle "CBM 205 Extra"]
[Source "ChessBase"]
[SourceDate "2022.01.31"]
[SourceVersion "1"]
[SourceVersionDate "2022.01.31"]
[SourceQuality "1"]

1. e4 c5 2. Nf3 d6 3. Bb5+ Nd7 4. Ba4 Ngf6 5. 0-0 e6 6. Re1 a6 7. c3 b5 8. Bc2 c4 9. b3 Bb7 10. bxc4 bxc4 11. Na3 Rc8 12. Rb1 Ba8 13. d3 cxd3 14. Bxd3 Nc5 15. Bxa6 Nxa6 16. Qa4+ Qd7 17. Qxa6 Bxe4 18. Rb4 Ra8 19. Qxa8+ Bxa8 20. Rb8+ Ke7 21. Rxa8 Qb7 22. Ra4 Nd7 23. Be3 Nc5 24. Bxc5 dxc5 25. Ne5 c4 26. Naxc4 Kf6 27. g3 g5 28. Ra5 Kg7 29. a4 Be7 30. Rb5 Qa6 31. Ra5 Qb7 32. Rb5 Qa6 33. Nb6 h5 34. h3 h4 35. g4 Rd8 36. Nc6 Rd6 37. Nb4 Qa7 38. Nc8 Qxa4 39. Nxd6 Bxd6 40. Rxg5+ Kf6 41. Rh5 Bxb4 42. cxb4 Qxb4 43. Re3 Kg6 44. Rxh4 Qb1+ 45. Kg2 Qb7+ 46. Rf3 Qa8 47. Kg3 Qb8+ 48. Kg2 Qa8 49. Rh5 f5 50. h4 f4 51. Rb5 Qc6 52. Rbb3 e5 53. Kh2 Qf6 54. Kh3 Qa6 55. Ra3 Qc6 56. Rac3 Qa6 57. Rb3 Qc6 58. Kh2 Qf6 59. Rh3 Qe6 60. h5+ Kh6 61. g5+ Kh7 62. Rb7+ Kh8 63. Ra3 Qe8 64. Rba7 1-0

[Event "Tel Aviv"]
[Site "Tel Aviv"]
[Date "2021.12.01"]
[Round "4"]
[White "Solomon, Asif"]
[Black "Vagman, Roy"]
[Result "1/2-1/2"]
[WhiteElo "2337"]
[BlackElo "1956"]
[PlyCount "203"]
[EventDate "2021.11.28"]
[EventType "tourn"]
[EventRounds "9"]
[EventCountry "ISR"]
[EventCategory "2"]
[SourceTitle "CBM 205 Extra"]
[Source "ChessBase"]
[SourceDate "2022.01.31"]
[SourceVersion "1"]
[SourceVersionDate "2022.01.31"]
[SourceQuality "1"]

1. d4 Nf6 2. c4 c5 3. d5 g6 4. Nc3 Bg7 5. e4 d6 6. h3 0-0 7. Nf3 e6 8. Bd3 exd5 9. exd5 Re8+ 10. Be3 Rxe3+ 11. fxe3 Qe7 12. 0-0 Nbd7 13. Qd2 Nh5 14. g4 Nhf6 15. Rf2 h6 16. Raf1 Ne5 17. Nxe5 Qxe5 18. Rxf6 Qg3+ 19. Qg2 Qxe3+ 20. R6f2 Qxd3 21. Rxf7 Qxc4 22. Rxg7+ Kxg7 23. Qf3 Qd4+ 24. Kg2 Bf5 25. gxf5 Rf8 26. Qg3 Rf6 27. Rf4 Qe5 28. Qg4 b5 29. Re4 Qxf5 30. Qxf5 Rxf5 31. b4 cxb4 32. Rxb4 a6 33. Re4 Kf7 34. a4 h5 35. Rb4 Kf6 36. axb5 axb5 37. Rxb5 Rf4 38. Rb6 Ke5 39. Rc6 g5 40. Rc8 Rb4 41. Re8+ Kd4 42. Ne4 Rb2+ 43. Nf2 Rb5 44. Ne4 Rb2+ 45. Kf1 Rb1+ 46. Ke2 Rb2+ 47. Nd2 g4 48. Rh8 gxh3 49. Rxh5 h2 50. Rh4+ Kxd5 51. Rxh2 Kc6 52. Kd3 Rb5 53. Ne4 Rd5+ 54. Ke3 Rd1 55. Rc2+ Kd7 56. Re2 Rh1 57. Rd2 Rh6 58. Kd4 Rh1 59. Rd3 Rh6 60. Rd1 Rh2 61. Rg1 Ra2 62. Rg7+ Kc6 63. Nc3 Rh2 64. Rg4 Rh5 65. Rg6 Rh1 66. Rf6 Rg1 67. Rh6 Rg5 68. Ne4 Rd5+ 69. Kc4 Rd1 70. Rg6 Rc1+ 71. Kd3 Rd1+ 72. Ke2 Rd5 73. Ke3 Rd1 74. Rg2 Re1+ 75. Kf4 Rf1+ 76. Kg4 Re1 77. Ng3 Re5 78. Kf4 Re1 79. Rf2 Ra1 80. Kf5 Kd7 81. Ne4 Ke7 82. Rb2 Rf1+ 83. Kg6 Rd1 84. Ng5 Kd7 85. Rf2 Re1 86. Kf6 Ra1 87. Ne4 Re1 88. Rf4 Re2 89. Kf7 Kc7 90. Nf6 Re5 91. Rc4+ Rc5 92. Rd4 Kc6 93. Ne4 Rf5+ 94. Kg6 Rd5 95. Rc4+ Kb5 96. Rc1 Rd3 97. Kf5 Rd5+ 98. Kf6 Rd4 99. Ng3 Rc4 100. Rd1 Kc5 101. Nf5 Rf4 102. Ke6 1/2-1/2

[Event "ISR-ch 40th"]
[Site "Jerusalem"]
[Date "2021.03.15"]
[Round "9"]
[White "Nabaty, Tamir"]
[Black "Solomon, Asif"]
[Result "1-0"]
[WhiteElo "2638"]
[BlackElo "2356"]
[PlyCount "153"]
[EventDate "2021.03.07"]
[EventType "swiss"]
[EventRounds "9"]
[EventCountry "ISR"]
[SourceTitle "CBM 201 Extra"]
[Source "ChessBase"]
[SourceDate "2021.05.31"]
[SourceVersion "1"]
[SourceVersionDate "2021.05.31"]
[SourceQuality "1"]

1. d4 Nf6 2. c4 e6 3. Nf3 d5 4. e3 b6 5. cxd5 exd5 6. Nc3 Bd6 7. b3 0-0 8. Bb2 Bb7 9. Rc1 a6 10. g3 Nbd7 11. Bg2 Qe7 12. 0-0 Rfe8 13. Nd2 Ba3 14. Bxa3 Qxa3 15. Qc2 Qe7 16. Qf5 g6 17. Qf4 Nf8 18. Qh4 Ne6 19. g4 Rad8 20. f4 Ng7 21. Rf2 h5 22. h3 Nh7 23. Qxe7 Rxe7 24. Nf1 Nf6 25. Bf3 Bc8 26. g5 Ne4 27. Nxe4 dxe4 28. Bg2 Nf5 29. Rfc2 Rdd7 30. b4 Bb7 31. Rc3 Kf8 32. Nd2 c5 33. bxc5 bxc5 34. d5 Bxd5 35. Kf2 c4 36. Bf1 Nd6 37. a4 Kg7 38. Ke1 Rb7 39. Bxc4 Nxc4 40. Nxc4 Bxc4 41. Rxc4 Rb2 42. R4c2 Rb3 43. Rc3 Rb2 44. R1c2 Rb1+ 45. Kf2 Rd7 46. Rc4 Rh1 47. Kg2 Rdd1 48. Rxe4 Rdf1 49. h4 Rhg1+ 50. Kh2 Rg4 51. Re8 Rxh4+ 52. Kg2 Rhh1 53. Rf2 Rxf2+ 54. Kxf2 Ra1 55. Re4 Ra2+ 56. Kf3 Kf8 57. Rc4 Ra3 58. Rb4 Ke7 59. Ke4 Ra1 60. Ke5 Rc1 61. e4 h4 62. f5 h3 63. f6+ Kd7 64. Rb7+ Kc6 65. Rxf7 h2 66. Rh7 h1Q 67. Rxh1 Rxh1 68. Ke6 Rf1 69. e5 Rf5 70. f7 Kc5 71. Ke7 Kd5 72. e6 Ke5 73. a5 Rf4 74. f8Q Rxf8 75. Kxf8 Kxe6 76. Kg7 Kf5 77. Kh6 1-0

[Event "ISR-ch 40th"]
[Site "Jerusalem"]
[Date "2021.03.14"]
[Round "8"]
[White "Solomon, Asif"]
[Black "Rozen, Eytan"]
[Result "1-0"]
[WhiteElo "2356"]
[BlackElo "2399"]
[PlyCount "101"]
[EventDate "2021.03.07"]
[EventType "swiss"]
[EventRounds "9"]
[EventCountry "ISR"]
[SourceTitle "CBM 201 Extra"]
[Source "ChessBase"]
[SourceDate "2021.05.31"]
[SourceVersion "1"]
[SourceVersionDate "2021.05.31"]
[SourceQuality "1"]

1. d4 e6 2. c4 c6 3. Nf3 Nf6 4. e3 a6 5. Bd3 d5 6. b3 Nbd7 7. 0-0 b5 8. Nbd2 Bd6 9. Bb2 Qe7 10. Ne5 Bb7 11. c5 Bxe5 12. dxe5 Ng8 13. b4 a5 14. a3 f6 15. f4 Nh6 16. Qc2 fxe5 17. Bxh7 e4 18. Bg6+ Kd8 19. h3 Nf8 20. Bxe4 dxe4 21. Nxe4 Nf5 22. Rad1+ Ke8 23. Rd3 Rd8 24. Rfd1 Rd5 25. Ng5 Rxd3 26. Rxd3 Nh7 27. e4 Nxg5 28. exf5 Ne4 29. fxe6 Nf6 30. Rd6 Rh6 31. f5 Nd5 32. bxa5 Qg5 33. Bc1 Qg3 34. Qf2 Rxh3 35. Qxg3 Rxg3 36. Kh2 Rg4 37. Kh3 Ra4 38. Rd7 b4 39. axb4 Rxb4 40. Bg5 Rb3+ 41. g3 Nf6 42. Rxg7 Rxg3+ 43. Kxg3 Nh5+ 44. Kg4 Nxg7 45. Bh6 Nh5 46. Kxh5 Ba8 47. f6 Kd8 48. f7 Kc8 49. f8Q+ Kc7 50. Bf4+ Kb7 51. Qb8+ 1-0

[Event "ISR-ch 40th"]
[Site "Jerusalem"]
[Date "2021.03.10"]
[Round "4"]
[White "Solomon, Asif"]
[Black "Postny, Evgeny"]
[Result "1/2-1/2"]
[WhiteElo "2356"]
[BlackElo "2605"]
[PlyCount "92"]
[EventDate "2021.03.07"]
[EventType "swiss"]
[EventRounds "9"]
[EventCountry "ISR"]
[SourceTitle "CBM 201 Extra"]
[Source "ChessBase"]
[SourceDate "2021.05.31"]
[SourceVersion "1"]
[SourceVersionDate "2021.05.31"]
[SourceQuality "1"]

1. d4 d5 2. c4 c6 3. Nf3 Nf6 4. e3 Bf5 5. Nc3 e6 6. Nh4 Be4 7. f3 Bg6 8. Bd2 Be7 9. Nxg6 hxg6 10. Qc2 Nbd7 11. 0-0-0 a6 12. c5 b6 13. cxb6 Qxb6 14. Na4 Qb7 15. Kb1 0-0 16. Rc1 Rfc8 17. Nc5 Nxc5 18. dxc5 Rab8 19. Bc3 Bxc5 20. Bxf6 gxf6 21. Bxa6 Qxa6 22. Qxc5 Rb5 23. Qc3 Ra8 24. a3 c5 25. h4 Rab8 26. Rc2 e5 27. h5 Rb3 28. Qxc5 Qb7 29. Kc1 Rxb2 30. Kd2 Rxc2+ 31. Qxc2 Rc8 32. Qb1 Qxb1 33. Rxb1 gxh5 34. a4 Ra8 35. Ra1 Kf8 36. a5 Ke7 37. a6 Kd6 38. Kd3 Kc6 39. Ra5 Rd8 40. e4 d4 41. a7 Ra8 42. f4 Kb6 43. Rd5 exf4 44. Kxd4 Rxa7 45. Rd6+ Kc7 46. Rxf6 Kd8 1/2-1/2

[Event "Petah Tikva Elitzur IM-A"]
[Site "Petah Tikva"]
[Date "2020.08.19"]
[Round "6"]
[White "Solomon, Asif"]
[Black "Flom, Gabriel"]
[Result "0-1"]
[WhiteElo "2321"]
[BlackElo "2514"]
[PlyCount "148"]
[EventDate "2020.07.16"]
[EventType "tourn"]
[EventRounds "9"]
[EventCountry "ISR"]
[EventCategory "6"]
[SourceTitle "EXT 2021"]
[Source "ChessBase"]
[SourceDate "2020.10.23"]
[SourceVersion "1"]
[SourceVersionDate "2020.10.23"]
[SourceQuality "1"]

1. d4 d5 2. c4 e6 3. Nc3 Nf6 4. cxd5 exd5 5. Bg5 c6 6. e3 Be7 7. Qc2 Nbd7 8. Bd3 0-0 9. Nf3 Re8 10. 0-0 g6 11. h3 Nh5 12. Bh6 Nb6 13. e4 dxe4 14. Bxe4 Nf6 15. Bd3 Nbd5 16. a3 Bf8 17. Bg5 Bg7 18. Nxd5 Qxd5 19. Bc4 Qd6 20. Rae1 Be6 21. Bxf6 Bxf6 22. Bxe6 Rxe6 23. Qb3 Rxe1 24. Rxe1 Qc7 25. Re4 Qb6 26. Qxb6 axb6 27. Re3 b5 28. Kf1 Rd8 29. Ke2 Kf8 30. Rd3 Rd5 31. Ke3 h5 32. Ke4 Ke7 33. g4 Ke6 34. Ng1 Bg7 35. Ne2 f5+ 36. gxf5+ gxf5+ 37. Kf3 Kf7 38. b4 h4 39. Rd1 Ke7 40. Ke3 Bf6 41. Rg1 Rd8 42. Rd1 Bg5+ 43. Kf3 Bf6 44. Ke3 Bg7 45. Kf3 Ke6 46. Nf4+ Kf7 47. Ne2 Bh6 48. Rd3 Ra8 49. Nf4 Bxf4 50. Kxf4 Kf6 51. d5 Rd8 52. d6 Rd7 53. Rd1 b6 54. f3 Ke6 55. Kg5 Rxd6 56. Re1+ Kd7 57. Kxf5 Rd3 58. f4 Rxh3 59. Rd1+ Kc7 60. Ra1 c5 61. Kg4 Rh2 62. f5 c4 63. Rf1 Kd7 64. f6 Ke8 65. Rd1 c3 66. Rd6 Rd2 67. Rc6 Rd4+ 68. Kf5 Rc4 69. Rxb6 c2 70. Rb8+ Kd7 71. f7 c1Q 72. Rd8+ Kc7 73. Rc8+ Kxc8 74. f8Q+ Kb7 0-1

[Event "Petah Tikva Winter IM-A"]
[Site "Petah Tikva"]
[Date "2020.03.09"]
[Round "9"]
[White "Solomon, Asif"]
[Black "Aizenberg, Benny"]
[Result "1/2-1/2"]
[WhiteElo "2207"]
[BlackElo "2215"]
[PlyCount "138"]
[EventDate "2020.01.26"]
[EventType "tourn"]
[EventRounds "9"]
[EventCountry "ISR"]
[EventCategory "3"]
[SourceTitle "CBM 195 Extra"]
[Source "ChessBase"]
[SourceDate "2020.05.31"]
[SourceVersion "1"]
[SourceVersionDate "2020.05.31"]
[SourceQuality "1"]

1. d4 Nf6 2. c4 g6 3. Nc3 d5 4. Nf3 Bg7 5. h4 h5 6. Bg5 0-0 7. Bxf6 Bxf6 8. cxd5 c6 9. e4 Bg4 10. e5 Bg7 11. Qb3 cxd5 12. Qxb7 Nd7 13. Qxd5 Rb8 14. Bb5 Be6 15. Qe4 a6 16. Bxd7 Bxd7 17. Qe2 Bg4 18. Qd2 Qb6 19. b3 Rfd8 20. Qe3 Bxf3 21. Qxf3 Qxd4 22. 0-0 Bxe5 23. Rac1 Qxh4 24. g3 Qf6 25. Qxf6 Bxf6 26. Ne4 Be5 27. Rc6 f5 28. Ng5 Rd6 29. Rfc1 Rbd8 30. b4 Rxc6 31. Rxc6 Rd6 32. Rc5 Bf6 33. Nf3 Rd3 34. Ne5 Bxe5 35. Rxe5 Kf7 36. Ra5 Rd6 37. Kg2 Rb6 38. Kf3 Kf6 39. a4 Rxb4 40. Rxa6+ e6 41. a5 f4 42. Ra8 fxg3 43. Kxg3 h4+ 44. Kg2 Ra4 45. a6 Kg5 46. a7 e5 47. Re8 Rxa7 48. Rxe5+ Kf4 49. Rb5 Ra4 50. Rb6 g5 51. Rb8 h3+ 52. Kxh3 Kf3 53. Rb3+ Kxf2 54. Rb2+ Kf3 55. Rb3+ Kf4 56. Kg2 Ra2+ 57. Kg1 Re2 58. Ra3 g4 59. Rb3 Ra2 60. Rc3 Kg5 61. Rb3 Kh4 62. Rc3 Ra8 63. Kg2 Ra2+ 64. Kg1 g3 65. Rc8 Ra1+ 66. Kg2 Ra2+ 67. Kg1 Kh3 68. Rh8+ Kg4 69. Rg8+ Kf3 1/2-1/2

[Event "Petah Tikva Winter IM-A"]
[Site "Petah Tikva"]
[Date "2020.02.23"]
[Round "7"]
[White "Solomon, Asif"]
[Black "Cohen Revivo, Shoham"]
[Result "1-0"]
[WhiteElo "2207"]
[BlackElo "2256"]
[PlyCount "117"]
[EventDate "2020.01.26"]
[EventType "tourn"]
[EventRounds "9"]
[EventCountry "ISR"]
[EventCategory "3"]
[SourceTitle "CBM 195 Extra"]
[Source "ChessBase"]
[SourceDate "2020.05.31"]
[SourceVersion "1"]
[SourceVersionDate "2020.05.31"]
[SourceQuality "1"]

1. d4 Nf6 2. c4 e6 3. Nc3 Bb4 4. e3 0-0 5. Bd2 b6 6. Nf3 Bb7 7. Bd3 d6 8. 0-0 Nbd7 9. a3 Bxc3 10. Bxc3 Ne4 11. Bxe4 Bxe4 12. Nd2 Bd3 13. Re1 d5 14. cxd5 exd5 15. Qb3 c5 16. Qxd5 Nf6 17. Qf3 Re8 18. dxc5 bxc5 19. e4 c4 20. Rad1 Qe7 21. e5 Nd7 22. Qg4 Qe6 23. Qxe6 fxe6 24. Nxc4 Bxc4 25. Rxd7 Red8 26. Red1 Bd5 27. Rd6 Rac8 28. Ba5 Rf8 29. f3 Rc2 30. Bc3 g5 31. h3 h5 32. Rd2 Rxd2 33. Bxd2 Rf5 34. Rd8+ Kf7 35. Rd7+ Kg6 36. Rxa7 g4 37. hxg4 hxg4 38. fxg4 Rxe5 39. Kf2 Re4 40. Bc3 Rf4+ 41. Kg3 Rf1 42. Rg7+ Kh6 43. g5+ Kh5 44. Bf6 Rg1 45. Kf4 Rxg2 46. b4 Re2 47. Ra7 Re4+ 48. Kg3 Re3+ 49. Kf2 Rb3 50. Ke2 Kg6 51. Kd2 Be4 52. Ra5 Rg3 53. a4 Rg2+ 54. Ke3 Bd5 55. b5 Ra2 56. Kd4 Rc2 57. b6 Rc4+ 58. Ke5 Bc6 59. Ra7 1-0

[Event "Petah Tikva Autumn 1"]
[Site "Petah Tikva"]
[Date "2019.11.10"]
[Round "6"]
[White "Solomon, Asif"]
[Black "Mesropov, Konstantin Eduard"]
[Result "0-1"]
[WhiteElo "2170"]
[BlackElo "2422"]
[PlyCount "62"]
[EventDate "2019.10.23"]
[EventType "tourn"]
[EventRounds "9"]
[EventCountry "ISR"]
[EventCategory "2"]
[SourceTitle "CBM 193 Extra"]
[Source "ChessBase"]
[SourceDate "2020.01.31"]
[SourceVersion "1"]
[SourceVersionDate "2020.01.31"]
[SourceQuality "1"]

1. d4 e6 2. c4 b6 3. e4 Bb4+ 4. Bd2 Bxd2+ 5. Qxd2 d5 6. cxd5 exd5 7. e5 Ne7 8. Nc3 0-0 9. Nge2 c5 10. g3 Nbc6 11. f4 Nf5 12. Bg2 Nfxd4 13. Nxd4 Nxd4 14. Nxd5 Bh3 15. Nc3 Bxg2 16. Qxg2 f6 17. 0-0 fxe5 18. fxe5 Qg5 19. Qd5+ Kh8 20. Rxf8+ Rxf8 21. Rf1 Rxf1+ 22. Kxf1 Qc1+ 23. Kg2 Qc2+ 24. Kh3 Qf5+ 25. Kg2 Qc2+ 26. Kh3 Qf5+ 27. Kg2 h6 28. Ne4 Qf3+ 29. Kh3 Qf1+ 30. Kh4 Nf5+ 31. Kh5 Qh3+ 0-1

[Event "Petah Tikva Autumn 1"]
[Site "Petah Tikva"]
[Date "2019.10.27"]
[Round "2"]
[White "Chernomordik, Pavel"]
[Black "Solomon, Asif"]
[Result "1/2-1/2"]
[WhiteElo "2203"]
[BlackElo "2170"]
[PlyCount "90"]
[EventDate "2019.10.23"]
[EventType "tourn"]
[EventRounds "9"]
[EventCountry "ISR"]
[EventCategory "2"]
[SourceTitle "CBM 193 Extra"]
[Source "ChessBase"]
[SourceDate "2020.01.31"]
[SourceVersion "1"]
[SourceVersionDate "2020.01.31"]
[SourceQuality "1"]

1. e4 c6 2. Nc3 d5 3. Nf3 dxe4 4. Nxe4 Nf6 5. Qe2 Nxe4 6. Qxe4 Qd5 7. Qh4 Qe6+ 8. Be2 Qg6 9. 0-0 Qxc2 10. Bc4 Qf5 11. Qg3 Nd7 12. Re1 Nb6 13. Bb3 e6 14. d4 Nd5 15. Nh4 Qf6 16. Bg5 Qxd4 17. Nf5 Qb4 18. a3 Qb6 19. Bxd5 cxd5 20. Be3 Qxb2 21. Bd4 Qc2 22. Nxg7+ Bxg7 23. Qxg7 Rf8 24. Rac1 Qg6 25. Qe5 Rg8 26. g3 Qg5 27. Qc7 Qd8 28. Qf4 Qg5 29. Qf3 Bd7 30. Rc7 Rc8 31. Qc3 Qd8 32. Rxc8 Qxc8 33. Qd3 Rg6 34. Bxa7 Qc4 35. Qe3 Bc6 36. Bd4 Kd7 37. Rc1 Qa4 38. Qf4 f6 39. Qh4 h6 40. Qh5 Qxa3 41. Rxc6 Rg5 42. Rc7+ Kxc7 43. Qf7+ Kc6 44. Qxe6+ Kc7 45. Qf7+ Kc6 1/2-1/2